header

On Freud's "mourning and melancholia" (Record no. 82620)

MARC details
000 -LEADER
fixed length control field 01594nam a2200373 a 4500
245 00 - TITLE STATEMENT
Title On Freud's "mourning and melancholia"
260 ## - PUBLICATION, DISTRIBUTION, ETC. (IMPRINT)
Place of publication London :
Name of publisher Karnac,
Year of publication 2009.
300 ## - PHYSICAL DESCRIPTION
Number of Pages xxii, 215 p.
490 1# - SERIES STATEMENT
Series statement Contemporary Freud : turning points and critical issues
505 0# - FORMATTED CONTENTS NOTE
Formatted contents note pt. 1. "Mourning and melancholia" (1917e [1915]) -- pt. 2. Discussion of "Mourning and Melancholia."
650 #0 - SUBJECT ADDED ENTRY--TOPICAL TERM
Topical Term Loss (Psychology)
Topical Term Bereavement
700 1# - ADDED ENTRY--PERSONAL NAME
Personal name Fiorini, Leticia Glocer.
Personal name Bokanowski, Thierry.
Personal name Lewkowicz, Sergio.
Personal name Person, Ethel Spector.
856 40 - ELECTRONIC LOCATION AND ACCESS
Uniform Resource Identifier http://site.ebrary.com/lib/rucke/Doc?id=10419994

No items available.

© 2026 Rongo University
Contact us: librarian | system librarian | Rongo university